Sustainable Environmental Management (Record no. 17119)
[ view plain ]
| 000 -LEADER | |
|---|---|
| fixed length control field | 00267nam a22001097a 4500 |
| 008 - FIXED-LENGTH DATA ELEMENTS--GENERAL INFORMATION | |
| fixed length control field | 140526t xxu||||| |||| 00| 0 eng d |
| 020 ## - INTERNATIONAL STANDARD BOOK NUMBER | |
| International Standard Book Number | 81-7035-474-9 |
| 100 ## - MAIN ENTRY--PERSONAL NAME | |
| Personal name | L.V. Gangawane |
| 9 (RLIN) | 878 |
| 245 ## - TITLE STATEMENT | |
| Title | Sustainable Environmental Management |
| 300 ## - PHYSICAL DESCRIPTION | |
| Extent | 277 |
| 942 ## - ADDED ENTRY ELEMENTS (KOHA) | |
| Source of classification or shelving scheme | |
| Koha item type | Book |
| Withdrawn status | Lost status | Source of classification or shelving scheme | Damaged status | Not for loan | Collection code | Permanent Location | Current Location | Date acquired | Total Checkouts | Full call number | Barcode | Date last seen | Date last checked out | Price effective from | Koha item type |
|---|---|---|---|---|---|---|---|---|---|---|---|---|---|---|---|
| Central Library (CL) | Central Library (CL) | 05/26/2014 | 1 | 640.28 GAN | ASAB2160 | 09/11/2015 | 09/10/2015 | 05/26/2014 | Book |
